Pages de début (notice n° 2078613)

détails MARC
000 -LEADER
fixed length control field 01675cam a2200181 4500500
005 - DATE AND TIME OF LATEST TRANSACTION
control field 20260405004827.0
041 ## - LANGUAGE CODE
Language code of text/sound track or separate title fre
042 ## - AUTHENTICATION CODE
Authentication code dc
100 10 - MAIN ENTRY--PERSONAL NAME
Personal name Deswaziere, Alix
Relator term author
245 00 - TITLE STATEMENT
Title Pages de début
260 ## - PUBLICATION, DISTRIBUTION, ETC.
Date of publication, distribution, etc. 2025.<br/>
500 ## - GENERAL NOTE
General note 11
520 ## - SUMMARY, ETC.
Summary, etc. À la lumière de la clinique contemporaine, nous souhaitons présenter une médiation spécifique en appui sur le tissage relationnel du « vivant non-humain », dans un cadre de recherche clinique. Le dispositif de médiation équine à destination des adolescents judiciarisés vient ouvrir les portes de l’inédit chez des jeunes se situant dans l’évitement de toute modalité d’emprise, qui plus est, vivant la relation de soin comme une contrainte. Nous verrons comment la rythmicité des interactions avec le cheval remobilise les liens entre adolescents, éducateurs et psychologues, et ceci à partir et au-delà de l’imitation.
520 ## - SUMMARY, ETC.
Summary, etc. Contemporary clinical research is increasingly turning to the “non-human living” in mediation. Offering equine mediation to teenagers in conflict with the law opens the door to new perspectives for young people escaping confinement and control, experiencing the care relationship as coercion. In the rhythmicity of interactions in the presence of the horse, the bonds between teenagers, educators and psychologists seem to take on a dimension beyond imitation.
700 10 - ADDED ENTRY--PERSONAL NAME
Personal name Ravit, Magali
Relator term author
786 0# - DATA SOURCE ENTRY
Note Nouvelle Revue de l'Enfance et de l'Adolescence | 12 | 2 | 2025-12-16 | p. 3-10 | 2644-9633
856 41 - ELECTRONIC LOCATION AND ACCESS
Uniform Resource Identifier <a href="https://shs.cairn.info/revue-nouvelle-revue-de-lenfance-et-de-ladolescence-2025-2-page-3?lang=fr&redirect-ssocas=7080">https://shs.cairn.info/revue-nouvelle-revue-de-lenfance-et-de-ladolescence-2025-2-page-3?lang=fr&redirect-ssocas=7080</a>

Pas d'exemplaire disponible.

PLUDOC

PLUDOC est la plateforme unique et centralisée de gestion des bibliothèques physiques et numériques de Guinée administré par le CEDUST. Elle est la plus grande base de données de ressources documentaires pour les Étudiants, Enseignants chercheurs et Chercheurs de Guinée.

Adresse

627 919 101/664 919 101

25 boulevard du commerce
Kaloum, Conakry, Guinée

Réseaux sociaux

Powered by Netsen Group @ 2025